Tratado teórico y práctico de la responsabilidad civil, dilectual y contractual

Saved in:
Bibliographic Details
Main Authors: Mazeaud, Henri (autor), Mazeaud, León (Author)
Format: Book
Language:Spanish
Published: Buenos Aires Jurídicas Europa-América 1961
Subjects:
Tags: Add Tag
No Tags, Be the first to tag this record!

MARC

LEADER 00000nam a2200000 a 4500
001 UCY6752
003 CL-VaPUC
008 950602e19610000AG |||||||||||||||||spa|d
082 0 4 |a 346.02  |b MAZ  |2 21 
100 |a Mazeaud, Henri  |e autor  |9 574904 
700 0 |a Mazeaud, León  |e author  |9 336814 
245 1 0 |a Tratado teórico y práctico de la responsabilidad civil, dilectual y contractual 
300 |a 3 v 
942 |c BK 
945 |d 19950602 00:00:00  |a aalvarez 
260 |a Buenos Aires  |b Jurídicas Europa-América  |c 1961 
650 7 |a RESPONSABILIDAD CIVIL  |2 CL-VaPUC  |9 336815 
650 0 |a Derecho civil  |9 255013 
650 0 |a Responsabilidad contractual  |9 256720 
650 0 |a Delitos  |9 224143 
583 |a last modification  |c 19950602 00:00:00  |k Rodrigo Vera 
999 |c 234272  |d 234270 
952 |0 0  |1 0  |4 0  |6 346_020000000000000_MAZ_1961  |7 0  |8 X  |9 240366  |a BIBDER  |b BIBDER  |d 2019-11-18  |h v.1.1  |i 2001470  |o 346.02 MAZ 1961  |p 2001470  |r 2023-01-25  |w 2019-11-18  |y BK_X  |k DER 
952 |0 0  |1 0  |4 0  |6 346_020000000000000_MAZ_1961  |7 0  |8 X  |9 240367  |a BIBDER  |b BIBDER  |d 2019-11-18  |h v.1.2  |i 2001497  |o 346.02 MAZ 1961  |p 2001497  |r 2023-01-25  |w 2019-11-18  |y BK_X  |k DER 
952 |0 0  |1 0  |4 0  |6 346_020000000000000_MAZ_1961  |7 0  |8 X  |9 240368  |a BIBDER  |b BIBDER  |d 2019-11-18  |h v.2.1  |i 2001454  |o 346.02 MAZ 1961  |p 2001454  |r 2023-01-25  |w 2019-11-18  |y BK_X  |k DER 
952 |0 0  |1 0  |4 0  |6 346_020000000000000_MAZ_1961  |7 0  |8 X  |9 240369  |a BIBDER  |b BIBDER  |d 2019-11-18  |h v.2.2  |i 2001462  |o 346.02 MAZ 1961  |p 2001462  |r 2023-01-25  |w 2019-11-18  |y BK_X  |k DER 
952 |0 0  |1 0  |4 0  |6 346_020000000000000_MAZ_1961  |7 0  |8 X  |9 240370  |a BIBDER  |b BIBDER  |d 2019-11-18  |h v.3.1  |i 2001500  |o 346.02 MAZ 1961  |p 2001500  |r 2023-01-25  |w 2019-11-18  |y BK_X  |k DER 
952 |0 0  |1 0  |4 0  |6 346_020000000000000_MAZ_1961  |7 0  |8 X  |9 240371  |a BIBDER  |b BIBDER  |d 2019-11-18  |h v.3.2  |i 2001535  |o 346.02 MAZ 1961  |p 2001535  |r 2023-01-25  |w 2019-11-18  |y BK_X  |k DER